000 00538cam a22001932a 4500
001 009644
003 AR-FADEU
008 311216n1971####xxu####################dd
092 _a946.077.1
_bA516
_eBLYNK
100 _aAmilibia, Miguel de
245 _aLa guerra civil española
260 _aBuenos Aires
260 _bCentro Editor de América Latina
260 _c1971
300 _a156 p
440 _aBiblioteca fundamental del hombre moderno
_n5
650 _aHISTORIA-ESPAÑA; GUERRA CIVIL-ESPAÑA/BLYNK/
942 _cBLYNK
999 _c15440
_d15440